All aboard cars / (Record no. 7940)

MARC details
000 -LEADER
fixed length control field 00864nam a22002537a 4500
001 - CONTROL NUMBER
control field 7940
003 - CONTROL NUMBER IDENTIFIER
control field FISKH
005 - DATE AND TIME OF LATEST TRANSACTION
control field 20250814111120.0
008 - FIXED-LENGTH DATA ELEMENTS--GENERAL INFORMATION
fixed length control field 250814b cb ||||| |||| 00| 0 eng d
020 ## - INTERNATIONAL STANDARD BOOK NUMBER
International Standard Book Number 070918003998
040 ## - CATALOGING SOURCE
Original cataloging agency FISKH
Language of cataloging eng
Transcribing agency FISKH
Modifying agency FISKH
050 ## - LIBRARY OF CONGRESS CALL NUMBER
Classification number TL147 .W45
082 ## - DEWEY DECIMAL CLASSIFICATION NUMBER
Classification number 629.222
100 ## - MAIN ENTRY--PERSONAL NAME
Personal name Weir, Catherine Daly
245 ## - TITLE STATEMENT
Title All aboard cars /
Statement of responsibility, etc. by Catherine Daly Weir ; Illustrated by Courtney
250 ## - EDITION STATEMENT
Edition statement This edition published in 2007
260 ## - PUBLICATION, DISTRIBUTION, ETC.
Place of publication, distribution, etc. New York :
Name of publisher, distributor, etc. Grosset & Dunlap,
Date of publication, distribution, etc. 1996.
300 ## - PHYSICAL DESCRIPTION
Extent 32 unnumbered pages :
Other physical details color illustrations ;
Dimensions 21 cm
520 ## - SUMMARY, ETC.
Summary, etc. Text and illustrations introduce various types of automobiles including race cars, emergency vehicles, and cars of the future.
650 ## - SUBJECT ADDED ENTRY--TOPICAL TERM
Topical term or geographic name entry element Transportation v
Form subdivision Nnon-fiction
700 ## - ADDED ENTRY--PERSONAL NAME
Personal name Courtney
Relator term illustrator
942 ## - ADDED ENTRY ELEMENTS (KOHA)
Source of classification or shelving scheme Dewey Decimal Classification
Koha item type Books
Suppress in OPAC No
Holdings
Withdrawn status Lost status Source of classification or shelving scheme Damaged status Not for loan Collection Home library Current library Shelving location Date acquired Total Checkouts Full call number Barcode Date last seen Copy number Price effective from Koha item type
    Dewey Decimal Classification     Non-Fiction Footprints International School Library Network Toul Kork Campus Footprints International School Library Network Toul Kork Campus A TK Campus, 4th Floor, Room B401, Fiction Bookcases (1-6) 08/14/2025   WEI 629.222 TL147 .W45 FISTK02599 08/14/2025 1 08/14/2025 Books